Sadda Punjab/ (Record no. 208964)
[ view plain ]
| 000 -LEADER | |
|---|---|
| fixed length control field | 00722nam a22002177a 4500 |
| 005 - DATE AND TIME OF LATEST TRANSACTION | |
| control field | 20250210152726.0 |
| 010 ## - LCCN (DPL NO) | |
| LC control number | ENG-143746 |
| 020 ## - INTERNATIONAL STANDARD BOOK NUMBER | |
| Terms of availability | 699.00 |
| International Standard Book Number | 9788194807186 |
| 035 ## - SYSTEM CONTROL NUMBER | |
| System control number | EN-127278 |
| 037 ## - SOURCE OF ACQUISITION | |
| Source of stock number/acquisition | DBAD |
| 082 ## - DEWEY DECIMAL CLASSIFICATION NUMBER | |
| Classification number | 954.12 |
| Edition number | 1 |
| 100 ## - MAIN ENTRY--PERSONAL NAME | |
| Personal name | Jindal, Munish |
| 245 ## - TITLE STATEMENT | |
| Title | Sadda Punjab/ |
| Statement of responsibility, etc | by Munish Jindal [and] Forword By Girish Dayalan |
| 250 ## - EDITION STATEMENT | |
| Edition statement | 9 |
| 260 ## - PUBLICATION, DISTRIBUTION, ETC. (IMPRINT) | |
| Place of publication, distribution, etc | Mohali |
| Name of publisher, distributor, etc | MM Writings Publishing House |
| Date of publication, distribution, etc | 2024 |
| 270 ## - ADDRESS | |
| City | Mohali |
| Postal code | 140308 |
| Address | SCO:9, Forst Floor, Sector-80 |
| Electronic mail address | mmwritings@live.com |
| Telephone number | 9988611299 |
| 300 ## - PHYSICAL DESCRIPTION | |
| Extent | 335p. |
| Dimensions | 25cm(hb) |
| 500 ## - GENERAL NOTE | |
| General note | A Comprehensive Book on General Knowledge of Punjab |
| 700 ## - ADDED ENTRY--PERSONAL NAME | |
| Personal name | Dayalan, Girish |
| Relator term | Forword |
| 9 (RLIN) | 77465 |
| 942 ## - ADDED ENTRY ELEMENTS (KOHA) | |
| Source of classification or shelving scheme | Dewey Decimal Classification |
| Item type | English Books |
| Call number suffix | JIN |
| Classification part | 954.12 |
| Withdrawn status | Lost status | Not for loan | Collection code | Home library | Current library | Date acquired | Source of acquisition | Cost, normal purchase price | Full call number | Barcode | Copy number | Cost, replacement price | Koha item type |
|---|---|---|---|---|---|---|---|---|---|---|---|---|---|
| Not For Loan | Non-fiction | Central Library | Central Library | 10/02/2025 | Delivery of Books Act Division | 699.00 | JIN 954.12 | EN-127278 | 1 | 699.00 | English Books |
